000 00676nam a2200229Ia 4500
003 OSt
005 20221007073043.0
006 a|||||r|||| 00| 0
007 ta
008 221006b |||||||| |||| 00| 0 eng d
024 _a10,147
037 _cReference Collections
040 _aFLL
_cFLL
_beng
041 _2eng
_aeng
082 _aZ,91OaX:3M, L8
100 _aPashukanis Evgeny B. Au.
_9691840
245 0 _aLaw and maxism
_b A general theory
260 _aLondon
_bVilliers publications ltd. London
_c1978
300 _a196p
_ccm.
942 _hZ,91OaX:3M, L8
_cREF
_2CC
999 _c1147589
_d1147589